Lliga Sardanista de Catalunya
Publicado:
Barcelona :[Lliga Sardanista de Catalunya] :
1933
Descripción Física:
25 cm
Materias:
Sardana -- Revistes
MARC
| LEADER | 00000nam a2200000Ia 4500 | ||
|---|---|---|---|
| 001 | 16232 | ||
| 003 | BGR | ||
| 005 | 20260324180148.0 | ||
| 008 | 160829s1933 xx 000 0 cat d | ||
| 008 | 160829s9999 xx 000 0 cat d | ||
| 080 | |a 4171, exp. 165 | ||
| 245 | |a Lliga Sardanista de Catalunya | ||
| 260 | |a Barcelona :[Lliga Sardanista de Catalunya], |c 1933 | ||
| 300 | |a 25 cm | ||
| 362 | |a Núm. 1 (1 juny 1933)- | ||
| 590 | |a Mensual. | ||
| 590 | |a Descripció basada en: Nº 3 (agost 1933) | ||
| 650 | |a Sardana |x Revistes |9 39674 | ||
| 710 | 2 | |a Lliga Sardanista de Catalunya |9 71365 | |
| 866 | |a 1933 (3, 4) | ||
| 901 | |a Arxiu | ||
| 942 | |n 1 |2 udc |c MON | ||
| 952 | |0 0 |1 0 |4 0 |6 4171_EXP_165 |7 1 |9 54397 |a Arxiu |b Arxiu |d 2016-12-01 |l 0 |o 4171, exp. 165 |p 16232 |r 2016-12-01 00:00:00 |w 2016-12-01 |y ARXIU | ||
| 999 | |c 58266 |d 58266 | ||